000 00909nam a2200229 a 4500
001 000026025
005 20200930024235.0
008 110225s1970 mx r 000 0 spa d
040 _aDO-SdBNP
_bspa
_cBNPHU
041 1 7 _aspa
_heng
_2Código de idiomas MARC
082 _a334.0973
_bV951c
100 1 _aVoorhis, Jerry.
_952935
240 1 0 _aAmerican cooperatives.
_lEspañol
245 1 0 _aCooperativas :
_bdesarrollo - función - futuro /
_cJerry Voorhis ; traducción de Ramón Palazón.
260 _aMéxico, D. F. :
_bCentro Regional de Ayuda Técnica. Agencia para el Desarrollo Internacional ;
_bPax-México, Librería Carlos Cesarman,
_c1970.
300 _a269 p. ;
_c21 cm.
534 _aTítulo del original en inglés :
_tAmerican cooperatives
500 _aIncluye índice analítico.
650 4 _aCooperativas
_zEstados Unidos
_952936
700 1 _aPalazón, Ramón,
_etr.
_941247
049 _aBNGR
999 _c25517
_d25517